| 000 | 01235nam a22003377a 4500 | ||
|---|---|---|---|
| 003 | CHAP | ||
| 005 | 20220329140611.0 | ||
| 008 | 971013s1987 r 10010 d | ||
| 010 | _a54564 | ||
| 011 | _a55536 | ||
| 035 | _a59688 | ||
| 040 | _cCHAP | ||
| 082 |
_a634.098 _bS4 |
||
| 111 | 0 | 0 |
_aSeminario sobre Productos Hortícolas Tropicales en la América Latina y el Caribe ( _d1987 _c: Bogotá, Colombia) _9104341 |
| 245 | _aMercado de frutas, verduras, flores y nueces para la exportación | ||
| 260 |
_aBogotá : _bFederación Nacional de Cafeteros de Colombia, _c1987 |
||
| 300 |
_a331 p. _b: ilus. ; gráfs. |
||
| 590 |
_aBATCH-UPD _b10 _c20130110 _lUCH01 _h0422 |
||
| 590 |
_aBATCH-UPD _b10 _c20130110 _lUCH01 _h2038 |
||
| 590 |
_aBATCH-UPD _b10 _c20130410 _lUCH01 _h0057 |
||
| 590 |
_aBATCH-UPD _b10 _c20130410 _lUCH01 _h1547 |
||
| 590 |
_aBATCH-UPD _b10 _c20130914 _lUCH01 _h1419 |
||
| 590 |
_aCONVERSION _b10 _c20130109 _lUCH01 _h1329 |
||
| 650 | 1 | 4 |
_aFlores _xMercadeo. _941388 |
| 650 | 1 | 4 |
_aFruta _xMercadeo _xAmérica Latina. _943634 |
| 650 | 1 | 4 |
_aLegumbres _xMercadeo _xAmérica Latina. _965742 |
| 650 | 1 | 4 |
_aNuez _xMercadeo. _982184 |
| 901 | _aBK | ||
| 942 | _cLIBRO | ||
| 949 |
_a634.098 S4 _bBC _cESP _d-128998 _eESP _h72763 _i59688 _si |
||
| 999 |
_c54564 _d54564 |
||